| Tag |
First Indicator |
Second Indicator |
Subfields |
| LEADER |
00000cam a22000001a 4500 |
| 001 |
in00002904021 |
| 005 |
20190401173447.0 |
| 006 |
m o d |
| 007 |
cr un mmmapmmp |
| 008 |
060925s1877 dcu o f000 0 eng d |
| 035 |
|
|
|a cis2004005904
|
| 040 |
|
|
|a UMI
|c UMI
|d UtOrBLW
|
| 043 |
|
|
|a n-us---
|
| 099 |
|
|
|a ProQuest Serial Set Number 1780 S.exdoc.5/1
|
| 110 |
1 |
|
|a United States.
|b Congress.
|b Senate.
|b Committee on Foreign Relations.
|
| 245 |
1 |
0 |
|a Message from the President of the United States, communicating information in answer to a Senate resolution of November 8, 1877, in relation to an alleged unlawful rescue, by an armed band from Mexico, of prisoners lawfully confined in the jail at Rio Grande City, Tex.
|
| 246 |
1 |
|
|a Presidential message on alleged unlawful rescue of prisoners confined in jail at Rio Grande, Texas
|
| 264 |
|
1 |
|a Washington :
|b [publisher not identified],
|c 1877.
|
| 300 |
|
|
|a 1 online resource.
|
| 336 |
|
|
|a text
|b txt
|2 rdacontent
|
| 337 |
|
|
|a computer
|b c
|2 rdamedia
|
| 338 |
|
|
|a online resource
|b cr
|2 rdacarrier
|
| 490 |
0 |
|
|a S.exdoc.5/1
|
| 500 |
|
|
|a At beginning of volume.
|
| 500 |
|
|
|a Record is based on bibliographic data in ProQuest U.S. Serial Set Digital Collection (last viewed Sep. 2006). Reuse except for individual research requires license from ProQuest, LLC.
|
| 510 |
3 |
|
|a ProQuest U.S. Serial Set Digital Collection
|
| 500 |
|
|
|a Electronic resource.
|
| 650 |
|
0 |
|a Presidents
|v Messages.
|
| 650 |
|
0 |
|a Prisoners.
|
| 650 |
|
0 |
|a Prisons.
|
| 655 |
|
7 |
|a Electronic books.
|2 local
|
| 710 |
2 |
|
|a ProQuest (Firm)
|
| 830 |
|
0 |
|a United States congressional serial set.
|
| 856 |
4 |
0 |
|u http://proxy.library.tamu.edu/login?url=http://congressional.proquest.com/congcomp/getdoc?SERIAL-SET-ID=1780+S.exdoc.5/1
|z Connect to the full text of this electronic book
|t 0
|
| 999 |
|
|
|a MARS
|
| 999 |
f |
f |
|s c4099556-54dc-3763-9a08-087f23b7b89d
|i 94aab26d-05e6-3539-9252-c0f01256b669
|t 0
|
| 952 |
f |
f |
|a Texas A&M University
|b College Station
|c Electronic Resources
|d Available Online
|t 0
|e ProQuest Serial Set Number 1780 S.exdoc.5/1
|h Other scheme
|
| 998 |
f |
f |
|a ProQuest Serial Set Number 1780 S.exdoc.5/1
|t 0
|l Available Online
|